Statistics for Farthest NFL Divisional Rivals

Click here to take the quiz!

General Stats

  • This quiz has been taken 20 times
  • The average score is 8 of 10

Answer Stats

DistanceDivisional Pairs% Correct
1,488 milesCowboys-Eagles
94%
1,570 milesCowboys-Giants
94%
1,360 milesCommanders-Cowboys
89%
1,273 milesDolphins-Jets
89%
1,473 milesDolphins-Patriots
83%
1,367 milesBills-Dolphins
78%
1,394 milesCardinals-Seahawks
78%
1,357 milesChiefs-Raiders
72%
1,587 milesChargers-Chiefs
61%
1,139 milesRams-Seahawks
50%

Score Distribution

Percentile by Number Answered

Percent of People with Each Score

Your Score History

You have not taken this quiz